LIBRARY & INFORMATION CENTRE, KCAET, TAVANUR

ONLINE PUBLIC ACCESS CATALOGUE (OPAC)

Question bank in postharvest technology (Record no. 13753)

MARC details
000 -LEADER
fixed length control field 00406nam a22001577a 4500
020 ## - INTERNATIONAL STANDARD BOOK NUMBER
ISBN 9789380235042
082 ## - DEWEY DECIMAL CLASSIFICATION NUMBER
Classification number 631.56
Item number GUL/QU
100 ## - MAIN ENTRY--AUTHOR NAME
Personal name Guleria, S.P.S
245 ## - TITLE STATEMENT
Title Question bank in postharvest technology
260 ## - PUBLICATION, DISTRIBUTION, ETC. (IMPRINT)
Place of publication New Delhi
Name of publisher New India Publishing Agency
Year of publication 2010
300 ## - PHYSICAL DESCRIPTION
Number of Pages vi + 256 p
700 ## - ADDED ENTRY--PERSONAL NAME
Personal name Verma, Anil Kumar
700 ## - ADDED ENTRY--PERSONAL NAME
Personal name Kumar, Dharminder
700 ## - ADDED ENTRY--PERSONAL NAME
Personal name Gupta, Anil
942 ## - ADDED ENTRY ELEMENTS (KOHA)
Koha item type Books
Holdings
Withdrawn status Lost status Damaged status Collection code Home library Current library Shelving location Date acquired Source of acquisition Cost, normal purchase price Full call number Accession Number Koha item type
Withdrawn     Reference KAUAET KAUAET Reference 31/03/2012 IBPSS, New Delhi 195.00 631.56 GUL/QU 23568 Books
      Non-fiction KAUAET KAUAET General Stacks 31/03/2012 Southern Book star, Tvm 195.00 631.56 GUL/QU 23394 Books
free website counter